000
00237nam a2200097Ia 4500
001
711499
005
20250826162809.0
008
250824s9999 xx 000 0 und d
245
0
_a
DÜNYA NÖBETİ
_c
ALEV ALATLI
260
_b
EVEREST YAYINLARI
999
_c
711499
_d
711499